header

Remote sensing of atmosphere and ocean from space (Record no. 162635)

MARC details
000 -LEADER
fixed length control field 01629nam a22003614a 4500
082 04 - DEWEY DECIMAL CLASSIFICATION NUMBER
Classification number 551.5
245 10 - TITLE STATEMENT
Title Remote sensing of atmosphere and ocean from space
260 ## - PUBLICATION, DISTRIBUTION, ETC. (IMPRINT)
Place of publication Dordrecht ;
-- Boston :
Name of publisher Kluwer Academic Publishers,
Year of publication c2002.
300 ## - PHYSICAL DESCRIPTION
Number of Pages x, 246 p. :
Other physical details ill.
490 1# - SERIES STATEMENT
Series statement Advances in global change research ;
650 #0 - SUBJECT ADDED ENTRY--TOPICAL TERM
Topical Term Atmosphere
Topical Term Oceanography
Topical Term Artificial satellites in remote sensing
Topical Term Artificial satellites in oceanography
700 1# - ADDED ENTRY--PERSONAL NAME
Personal name Marzano, Frank S.
Personal name Visconti, Guido,
856 40 - ELECTRONIC LOCATION AND ACCESS
Uniform Resource Identifier http://site.ebrary.com/lib/rucke/Doc?id=10067305

No items available.

© 2026 Rongo University
Contact us: librarian | system librarian | Rongo university